|
|
|
|
| LEADER |
00000nab#a22000007a#4500 |
| 001 |
arbauad005046 |
| 003 |
AR-BaUAD |
| 005 |
20251127105409.0 |
| 008 |
940728|||||||||###||||||b###|0###a|spa|| |
| 040 |
|
|
|a AR-BaUAD
|c AR-BaUAD
|b spa
|
| 100 |
|
|
|a Page, Carlos Alberto
|
| 245 |
|
|
|a Construcciones de los aborígenes cordobeses /
|c Carlos Alberto Page;
|
| 300 |
0 |
|
|b il.
|
| 653 |
|
|
|a VIVIENDAS INDIGENAS
|
| 653 |
|
|
|a CORDOBA
|
| 653 |
|
|
|a ARGENTINA
|
| 653 |
|
|
|a HISTORIA
|
| 653 |
|
|
|a ARQUITECTURA
|
| 773 |
0 |
|
|t DANA
|g no. 22 [dic. 1986], p. 31-35
|
| 942 |
|
|
|c ARTI
|2 udc
|
| 952 |
|
|
|0 0
|1 0
|4 0
|7 0
|9 49966
|a AR-BAuAD
|b AR-BAuAD
|d 2025-07-11
|l 0
|p AAQA005046
|r 2025-07-11 11:06:59
|w 2025-07-11
|y ARTI
|
| 990 |
|
|
|a AQ198
|b TD
|
| 998 |
|
|
|b BIBUN76
|
| 999 |
|
|
|c 29639
|d 29639
|